00639nam a2200157 a 450000100100000000500170001000800410002704000250006810000410009324501250013426000350025930000190029470000460031395201050035999900170046400004293120201002040516.0140213s197u dr 000 0 spa d aDO-SdBNPbspacBNPHU1 aJourdain Heredia, Luis Emilio95599110aFacetas del desarrollo de la industria nacional. /cLuis Emilio Jourdain Heredia; prólogo, Quirilio Vilorio Sánchez. aSanto Domingo :b[s.d.],c197? a83 p ;c21 cm.1 aVilorio Sánchez, Quirilioeprol.970410 0010718PDaGRbGRcCTd2014-02-13iLF1l0o p42931-10r2020-06-25w2020-06-25yLFPDZNo se presta c42420d42420